000 01798cam a2200481Ia 4500
001 17279
005 20230411085950.0
008 060907s2003 sp 001 0 spa d
035 _a(OCoLC)ocm54444744
040 _aTXN
_cTXN
_dOCLCQ
_dNLC
_dPL#
_dBAKER
_dYDXCP
016 _a20040122840
019 _a53440721
020 _a8449314569
020 _a9788449314568
029 1 _aNLC
_b20040122840
035 _a(OCoLC)54444744
_z(OCoLC)53440721
041 1 _aspa
_heng
043 _an-us---
_ae-bn---
_ae-yu---
_aa-af---
055 0 1 _aD 860
_bI24n 2003
082 0 4 _a909.829
049 _aGRAL
100 1 _aIgnatieff, Michael,
_d1947-
245 1 3 _aEl nuevo imperio americano :
_bla reconstrucción nacional en Bosnia, Kosovo y Afganistán /
_cMichael Ignatieff.
260 _aBarcelona :
_bPaidós,
_c2003.
300 _a120 p. ;
_c23 cm.
440 0 _aPaidós historia contemporánea ;
_vno. 012
500 _aTranslation of: Empire lite.
500 _aIncludes index.
650 0 _aWorld politics
_y1989-
651 0 _aUnited States
_xForeign relations
_y1989-
650 0 _aHumanitarian intervention
_xPolitical aspects
_zUnited States.
651 0 _aBosnia and Hercegovina
_xPolitics and government
_y1992-
_xForeign influences.
651 0 _aKosovo (Serbia)
_xPolitics and government
_y1980-
_xForeign influences.
651 0 _aAfghanistan
_xPolitics and government
_y2001-
_xForeign influences.
653 _aEstados Unidos
_aPolâitica internacional.
653 _aGuerra
_aAspectos econâomicos.
653 _aRelaciones internacionales.
938 _aPuvill Libros
_bPUVL
_n8449314569
_c$11.27
938 _aYBP Library Services
_bYANK
_n2660405
938 _aBaker & Taylor
_bBKTY
_c16.95
_d16.95
_i8449314569
_n0006114721
_sactive
942 _2lcc
_cbk
994 _aC0
_bDRFGD
999 _c110138
_d110138